Recreation Leadership and Supervision : (Record no. 133)

MARC details
000 -LEADER
fixed length control field 00457nam a2200157Ia 4500
008 - FIXED-LENGTH DATA ELEMENTS--GENERAL INFORMATION
fixed length control field 230312s9999||||xx |||||||||||||| ||und||
020 ## - INTERNATIONAL STANDARD BOOK NUMBER
International Standard Book Number 0-7216-5509-2
082 ## - DEWEY DECIMAL CLASSIFICATION NUMBER
Classification number 790.023
Item number KRA-E
100 ## - MAIN ENTRY--PERSONAL NAME
Personal name Kraus Richard G.
245 #0 - TITLE STATEMENT
Title Recreation Leadership and Supervision :
260 ## - PUBLICATION, DISTRIBUTION, ETC.
Name of publisher, distributor, etc. W.B.Saunders
Place of publication, distribution, etc. London
Date of publication, distribution, etc. 1975
300 ## - PHYSICAL DESCRIPTION
Extent 391
546 ## - LANGUAGE NOTE
Language note Eng.
650 ## - SUBJECT ADDED ENTRY--TOPICAL TERM
Topical term or geographic name entry element management
Form subdivision Foundations of Recreation Leadership , Career Development in Recreation
942 ## - ADDED ENTRY ELEMENTS (KOHA)
Koha item type BOOK
Holdings
Withdrawn status Lost status Source of classification or shelving scheme Damaged status Not for loan Home library Current library Date acquired Total Checkouts Total Renewals Full call number Barcode Date last seen Date last checked out Price effective from Koha item type
    Dewey Decimal Classification     Superior Information Resource Center (SIRC) Superior University- Main Campus Superior Information Resource Center (SIRC) Superior University- Main Campus 03/13/2023 1 1 790.023 KRA-E 133 08/15/2023 08/03/2023 03/13/2023 BOOK

Powered by Koha